Vista normal Vista MARC

Entrada Topical Term

Número de registros utilizados en: 1

001 - CONTROL NUMBER

  • control field: 15148

003 - CONTROL NUMBER IDENTIFIER

  • control field: OSt

005 - DATE AND TIME OF LATEST TRANSACTION

  • control field: 20230915230303.0

008 - FIXED-LENGTH DATA ELEMENTS

  • fixed length control field: 230915|| aca||aabn | a|a d

040 ## - CATALOGING SOURCE

  • Original cataloging agency: OSt
  • Transcribing agency: OSt

150 ## - HEADING--TOPICAL TERM

  • Topical term or geographic name entry element: INGENIERIA SANITARIA - DISEÑO

670 ## - SOURCE DATA FOUND

  • Source citation: Work cat.: (OSt)22219: López Cualla Ricardo Alfredo, 49881, Elementos del diseño para acueductos y alcantarillados, Escuela Colombiana de Ingeniería









Instituto Departamental de Cultura del Meta - Red Departamental de Bibliotecas Públicas del Meta.